[Event "European Youth Chess Championship B16"]
[Site "Prague, Top Hotel Prague"]
[Date "2012.08.22"]
[Round "6.17"]
[White "Martins, David Pires Tavares"]
[Black "Kessler, Luca"]
[Result "0-1"]
[WhiteElo "2123"]
[BlackElo "2242"]
[PlyCount "134"]
[EventDate "2012.08.17"]

1. e4 c6 2. d4 d5 3. Nc3 dxe4 4. Nxe4 Bf5 5. Ng3 Bg6 6. h4 h6 7. Nf3 Nd7 8. h5
Bh7 9. Bd3 Bxd3 10. Qxd3 e6 11. Bf4 Qa5+ 12. Bd2 Bb4 13. Ne4 Ngf6 14. Nd6+ Ke7
15. Nc4 Bxd2+ 16. Nfxd2 Qd5 17. O-O-O Rhd8 18. Kb1 c5 19. Rh4 Rac8 20. Ne3 Qc6
21. Qa3 Kf8 22. Nb3 b6 23. dxc5 bxc5 24. Rc4 Kg8 25. Qa5 Nd5 26. Qe1 Qa6 27.
Qf1 N5b6 28. Rh4 Qxf1 29. Nxf1 Ne5 30. Re1 f6 31. Kc1 Kf7 32. Rhe4 Rd6 33. Ne3
c4 34. Nd2 c3 35. bxc3 Rdc6 36. Nb1 Ned7 37. Rd1 Nc5 38. Red4 Ke7 39. Rg4 Kf7
40. Nc4 Nxc4 41. Rxc4 f5 42. f4 Ke7 43. Nd2 Nd7 44. Rxc6 Rxc6 45. Kb2 Nf6 46.
Nf3 Nxh5 47. Rd4 Rb6+ 48. Ka3 Ra6+ 49. Kb3 Kf6 50. c4 g5 51. fxg5+ hxg5 52. c5
g4 53. Ne1 Ke5 54. Ra4 Rxa4 55. Kxa4 Nf6 56. Kb5 Ne4 57. Nd3+ Kd4 58. c6 Nd6+
59. Ka6 e5 60. Kxa7 f4 61. a4 f3 62. gxf3 gxf3 63. a5 e4 64. Kb8 exd3 65. a6 f2
66. a7 f1=Q 67. a8=Q Qf8+ 0-1

[Event "European Youth Chess Championship B16"]
[Site "Prague, Top Hotel Prague"]
[Date "2012.08.22"]
[Round "6.22"]
[White "Slampa, Jan"]
[Black "Radovanovic, Nikola"]
[Result "0-1"]
[WhiteElo "1996"]
[BlackElo "2184"]
[PlyCount "86"]
[EventDate "2012.08.17"]

1. e4 e5 2. Nf3 Nc6 3. Bb5 Bc5 4. O-O Qf6 5. Nc3 Nge7 6. d3 h6 7. Nd5 Nxd5 8.
exd5 Ne7 9. Qe2 c6 10. Ba4 d6 11. dxc6 O-O 12. cxb7 Bxb7 13. Be3 Bxf3 14. Qxf3
Qxf3 15. gxf3 Ng6 16. Rfe1 Rac8 17. c3 Bb6 18. Rec1 d5 19. c4 dxc4 20. dxc4 Bd4
21. Rab1 Rfd8 22. c5 Nh4 23. Bd1 Bxe3 24. fxe3 Rd2 25. c6 Rd6 26. Ba4 Nxf3+ 27.
Kg2 Nd2 28. Rd1 Rg6+ 29. Kf2 Nxb1 30. Rxb1 Rcxc6 31. Bxc6 Rxc6 32. Kf3 f5 33.
b4 Rc2 34. a4 Rxh2 35. a5 Rc2 36. b5 Rc7 37. a6 Rc8 38. b6 axb6 39. Rxb6 Ra8
40. Kg3 Kh7 41. Kh4 Rc8 42. Rb4 Rc7 43. Kh5 Rc3 0-1

[Event "European Youth Chess Championship B16"]
[Site "Prague, Top Hotel Prague"]
[Date "2012.08.22"]
[Round "6.27"]
[White "Cukrowski, Filip"]
[Black "Ulanowski, Karol"]
[Result "1-0"]
[WhiteElo "2154"]
[BlackElo "2035"]
[PlyCount "89"]
[EventDate "2012.08.17"]

1. e4 c5 2. Nf3 d6 3. c3 Nf6 4. Be2 Nc6 5. d4 cxd4 6. cxd4 e6 7. Nc3 Be7 8. O-O
O-O 9. a3 a6 10. Bf4 d5 11. e5 Ne4 12. Bd3 f5 13. exf6 Bxf6 14. Bxe4 dxe4 15.
Nxe4 Nxd4 16. Nxf6+ Qxf6 17. Qxd4 Qxd4 18. Nxd4 Rxf4 19. Rad1 Bd7 20. Rfe1 Re8
21. g3 Rf7 22. Re5 Rfe7 23. Rde1 Kf7 24. h3 Rd8 25. Nf5 Ree8 26. Nd6+ Kf8 27.
Nxe8 Rxe8 28. f4 g6 29. g4 Rc8 30. Kf2 Rc2+ 31. R1e2 Rc1 32. h4 Rd1 33. h5 Rd6
34. g5 Kf7 35. h6 Bb5 36. R2e3 Bc4 37. Rc5 Rc6 38. Rxc6 bxc6 39. Re4 Bd5 40.
Rb4 c5 41. Rb8 e5 42. fxe5 Ke6 43. Rh8 Kf5 44. Rxh7 Kxg5 45. Rd7 1-0

[Event "European Youth Chess Championship B16"]
[Site "Prague, Top Hotel Prague"]
[Date "2012.08.22"]
[Round "6.32"]
[White "Meisch, Tanguy"]
[Black "Fargac, Martin"]
[Result "0-1"]
[WhiteElo "1748"]
[BlackElo "2051"]
[PlyCount "34"]
[EventDate "2012.08.17"]

1. e4 e5 2. d4 exd4 3. Nf3 Nc6 4. Bc4 Nf6 5. O-O Nxe4 6. Re1 d5 7. Bxd5 Qxd5 8.
Nc3 Qa5 9. Nxe4 Be6 10. Neg5 O-O-O 11. Nxe6 fxe6 12. Rxe6 Bd6 13. Bg5 Rde8 14.
Qe2 Ne5 15. Nxd4 Rxe6 16. Nxe6 Re8 17. Nd4 Nf3+ 0-1

[Event "European Youth Chess Championship B16"]
[Site "Prague, Top Hotel Prague"]
[Date "2012.08.22"]
[Round "6.33"]
[White "Munteanu, Ali-Eduard"]
[Black "Grandadam, Patrik"]
[Result "0-1"]
[WhiteElo "1982"]
[BlackElo "2237"]
[PlyCount "94"]
[EventDate "2012.08.17"]

1. e4 c5 2. c3 d5 3. exd5 Qxd5 4. d4 Nf6 5. Nf3 Bg4 6. Nbd2 Nc6 7. Bc4 Bxf3 8.
Qb3 Na5 9. Qb5+ Qd7 10. Nxf3 Nxc4 11. Qxc4 cxd4 12. Nxd4 e6 13. Bg5 Rc8 14. Qe2
Nd5 15. O-O h6 16. Bd2 Bc5 17. Nf3 O-O 18. c4 Nf6 19. Bc3 Be7 20. Ne5 Qc7 21.
Rfe1 Rfd8 22. Rac1 Bc5 23. Ng4 Nxg4 24. Qxg4 Bf8 25. Be5 Qa5 26. a3 b5 27. Bc3
Qa4 28. Qg3 Rxc4 29. h3 a5 30. Be5 Rxc1 31. Rxc1 Rd1+ 32. Rxd1 Qxd1+ 33. Kh2 b4
34. axb4 axb4 35. h4 Qd5 36. Bf4 Kh7 37. Qe3 Be7 38. g3 Bf6 39. Qe2 b3 40. h5
e5 41. Be3 e4 42. Kg1 Qd3 43. Qg4 Qd5 44. Qe2 g6 45. hxg6+ fxg6 46. Kf1 h5 47.
Ke1 Qa5+ 0-1

[Event "European Youth Chess Championship B16"]
[Site "Prague, Top Hotel Prague"]
[Date "2012.08.22"]
[Round "6.34"]
[White "Shen, Yue"]
[Black "Binder, Moriz"]
[Result "1/2-1/2"]
[WhiteElo "2139"]
[BlackElo "1986"]
[PlyCount "138"]
[EventDate "2012.08.17"]

1. d4 Nf6 2. c4 e6 3. g3 d5 4. Bg2 Bb4+ 5. Bd2 Be7 6. Nf3 O-O 7. O-O c6 8. Qc2
b6 9. b3 Nbd7 10. Bf4 Ba6 11. Rd1 Nh5 12. Bc1 f5 13. a4 Nhf6 14. cxd5 cxd5 15.
Qc6 Rc8 16. Qxe6+ Kh8 17. e3 Ne4 18. Bf1 Bb7 19. Bb5 Nb8 20. Ba3 Bxa3 21. Nxa3
a6 22. Bd3 Rc6 23. Qe5 Nd7 24. Qf4 g5 25. Nxg5 Qxg5 26. Qxg5 Nxg5 27. Rac1 Nb8
28. Rxc6 Nxc6 29. Rc1 Rf6 30. Be2 Ne4 31. Nb1 Na5 32. f3 Ng5 33. h4 Nf7 34. Rc7
Nd6 35. Nd2 Rf7 36. Rc3 Rf8 37. Rc7 Rc8 38. Rd7 Rc2 39. b4 Nc6 40. b5 axb5 41.
axb5 Na5 42. Rxd6 Rxd2 43. Kf1 Kg7 44. Rxb6 Rb2 45. h5 Bc8 46. h6+ Kf7 47. f4
Nc4 48. Rb8 Nxe3+ 49. Ke1 Bd7 50. Bh5+ Ke6 51. b6 Ng4 52. Bxg4 fxg4 53. Rh8
Rxb6 54. Rxh7 Rb1+ 55. Kf2 Rh1 56. f5+ Kd6 57. f6 Bf5 58. Ra7 Bd3 59. Ke3 Bc2
60. f7 Rf1 61. Ke2 Rf3 62. h7 Bxh7 63. f8=Q+ Rxf8 64. Rxh7 Rf3 65. Rh4 Rxg3 66.
Rh6+ Ke7 67. Rg6 Kd7 68. Rg5 Ke6 69. Re5+ Kd6 1/2-1/2

[Event "European Youth Chess Championship B16"]
[Site "Prague, Top Hotel Prague"]
[Date "2012.08.22"]
[Round "6.38"]
[White "Kisic, Bozidar"]
[Black "Hros, Roman"]
[Result "1-0"]
[WhiteElo "2065"]
[BlackElo "1935"]
[PlyCount "74"]
[EventDate "2012.08.17"]

1. d4 Nf6 2. c4 e6 3. Nc3 Bb4 4. a3 Bxc3+ 5. bxc3 b6 6. f3 d5 7. cxd5 exd5 8.
e3 O-O 9. Bd3 c5 10. Ne2 Re8 11. O-O Ba6 12. Ng3 Bxd3 13. Qxd3 cxd4 14. cxd4
Nbd7 15. a4 g6 16. Ba3 h5 17. Ne2 Qc8 18. Nc3 a6 19. e4 Qb7 20. e5 Nh7 21. f4
Nhf8 22. f5 Rac8 23. h4 Rc4 24. e6 gxf5 25. Qxf5 Rxe6 26. Nxd5 Rxd4 27. Rad1
Rxa4 28. Bxf8 Nxf8 29. Qxh5 Ng6 30. Nf6+ Rxf6 31. Rxf6 Qe7 32. Qg5 Qc5+ 33.
Qxc5 bxc5 34. h5 Ne5 35. Rf5 Ng4 36. Rxc5 a5 37. Rdc1 Ra2 1-0

[Event "European Youth Chess Championship B16"]
[Site "Prague, Top Hotel Prague"]
[Date "2012.08.22"]
[Round "6.39"]
[White "Kerdik, Adam"]
[Black "Popov, Kirill"]
[Result "0-1"]
[WhiteElo "1966"]
[BlackElo "2037"]
[Annotator ",Petr"]
[PlyCount "52"]
[EventDate "2012.08.17"]

1. e4 e6 2. d4 d5 3. Nc3 Bb4 4. e5 c5 5. a3 Bxc3+ 6. bxc3 Ne7 7. Nf3 Bd7 8. a4
Nbc6 9. h4 Qa5 10. Bd2 f6 11. h5 fxe5 12. dxe5 Qc7 13. Qe2 h6 14. g4 O-O-O 15.
Bg2 Rdf8 16. a5 Nxa5 17. c4 Nxc4 18. Rxa7 Bb5 19. Ra8+ Kd7 20. Rxf8 Rxf8 21. g5
Ra8 22. Qd1 Nxd2 23. Kxd2 Qa5+ 24. c3 Qa2+ 25. Ke3 Nf5+ 26. Kf4 Ra4+ 0-1

[Event "European Youth Chess Championship B16"]
[Site "Prague, Top Hotel Prague"]
[Date "2012.08.22"]
[Round "6.41"]
[White "Krasovskiy, Kirill"]
[Black "Fontaine, Quentin"]
[Result "1/2-1/2"]
[WhiteElo "2024"]
[BlackElo "1916"]
[PlyCount "94"]
[EventDate "2012.08.17"]

1. e4 g6 2. d4 Bg7 3. Nf3 d6 4. Bc4 a6 5. a4 h6 6. h3 e6 7. Qe2 b6 8. O-O Nd7
9. Be3 Bb7 10. Nfd2 Ne7 11. f4 d5 12. Bd3 dxe4 13. Bxe4 Bxe4 14. Nxe4 O-O 15.
c3 Nd5 16. Bd2 Qe7 17. Na3 c5 18. dxc5 Nxc5 19. Nxc5 Qxc5+ 20. Qf2 Rac8 21. Nc2
Qxf2+ 22. Rxf2 Rfd8 23. g4 Bf8 24. Kg2 Bc5 25. Re2 Rd7 26. Rf1 Rcd8 27. Bc1 Kg7
28. Ne3 b5 29. axb5 axb5 30. Nxd5 Rxd5 31. Rfe1 Rd1 32. Kf3 R1d3+ 33. Be3 h5
34. Kf2 Be7 35. g5 Kf8 36. Ra1 Rd1 37. Re1 Rxe1 38. Kxe1 Ke8 39. Ke2 Bd6 40.
Kf3 Rc8 41. Bd4 Kd7 42. Ra7+ Rc7 43. Ra6 Rb7 44. Ra7 Rxa7 45. Bxa7 Kc6 46. Ke4
Be7 47. Bd4 Bd6 1/2-1/2

[Event "European Youth Chess Championship B16"]
[Site "Prague, Top Hotel Prague"]
[Date "2012.08.22"]
[Round "6.42"]
[White "Markoja, Sebastijan"]
[Black "Ragnarsson, Dagur"]
[Result "1-0"]
[WhiteElo "2018"]
[BlackElo "1913"]
[PlyCount "83"]
[EventDate "2012.08.17"]

1. e4 e6 2. d4 d5 3. Nd2 Nf6 4. e5 Nfd7 5. Bd3 c5 6. c3 Nc6 7. Ne2 cxd4 8. cxd4
f6 9. Nf4 Nxd4 10. Qh5+ Ke7 11. Ng6+ hxg6 12. exf6+ Nxf6 13. Qxh8 Kf7 14. O-O
e5 15. Nb3 Ne6 16. Qh4 Bd7 17. f3 Bd6 18. Be3 Bc6 19. Rac1 Qe7 20. Bb1 a5 21.
Qg3 g5 22. Bf5 a4 23. Nd2 Rh8 24. Bxe6+ Qxe6 25. Bxg5 e4 26. f4 e3 27. Nf3 Ne4
28. Ne5+ Bxe5 29. fxe5+ Kg6 30. Qxe3 Nxg5 31. Qg3 d4 32. h4 Rh5 33. Rf2 Kh6 34.
hxg5+ Rxg5 35. Qh4+ Kg6 36. Qxd4 Rxe5 37. Rc3 Re4 38. Rg3+ Kh5 39. Qxg7 Rg4 40.
Rh3+ Rh4 41. Qh7+ Kg5 42. Qxh4+ 1-0

[Event "European Youth Chess Championship B16"]
[Site "Prague, Top Hotel Prague"]
[Date "2012.08.22"]
[Round "6.43"]
[White "Rauramaa, Julius"]
[Black "Vaculik, Jakub"]
[Result "1-0"]
[WhiteElo "2006"]
[BlackElo "1850"]
[PlyCount "91"]
[EventDate "2012.08.17"]

1. e4 c6 2. d4 d5 3. Nc3 e6 4. Nf3 Bb4 5. e5 c5 6. a3 cxd4 7. axb4 dxc3 8. bxc3
Ne7 9. Bd3 Qc7 10. O-O Ng6 11. Re1 Nd7 12. Qe2 Nb6 13. h4 Bd7 14. h5 Ne7 15.
Be3 a6 16. Bc5 Na4 17. Bxe7 Kxe7 18. c4 dxc4 19. Bxc4 Nb6 20. Bd3 Bb5 21. Qe3
h6 22. Nd4 Bc4 23. Qg3 Rhd8 24. Bxc4 Qxc4 25. Re4 Ke8 26. c3 Nd5 27. Qxg7 Qxc3
28. Rae1 Rac8 29. Qxh6 Nf4 30. Qxf4 Rxd4 31. Qe3 Qxe3 32. R1xe3 Rd1+ 33. Kh2
Ke7 34. Rf4 Rh8 35. g4 Rd5 36. Kg3 Kf8 37. Rc4 Kg7 38. Rc7 Rb5 39. Rf3 Rf8 40.
Rf4 Rxe5 41. Rxb7 a5 42. b5 Rd5 43. Kh4 e5 44. Rf5 Rd2 45. Ra7 Ra2 46. b6 1-0

[Event "European Youth Chess Championship B16"]
[Site "Prague, Top Hotel Prague"]
[Date "2012.08.22"]
[Round "6.44"]
[White "Burcu, Cagatay"]
[Black "Adamciak, Tomas"]
[Result "1-0"]
[WhiteElo "1992"]
[BlackElo "1839"]
[PlyCount "89"]
[EventDate "2012.08.17"]

1. d4 d5 2. c4 c6 3. Nc3 Nf6 4. Nf3 e6 5. Bg5 h6 6. Bh4 dxc4 7. e4 g5 8. Bg3 b5
9. Be2 Bb7 10. O-O Nbd7 11. a4 b4 12. Na2 Nxe4 13. Bxc4 c5 14. d5 Nb6 15. Bb5+
Ke7 16. Nxb4 cxb4 17. Qd4 Nxg3 18. fxg3 Rh7 19. Nxg5 Nxd5 20. Nxh7 Qb6 21. Qxb6
Nxb6 22. Nxf8 Rxf8 23. Rac1 Nd5 24. Bc6 Ba6 25. Rfd1 Kd6 26. Bxd5 exd5 27. Rd4
b3 28. Rcd1 Bb7 29. R1d3 Re8 30. Rxb3 Ba6 31. Kf2 Re2+ 32. Kf3 h5 33. Rd1 Re5
34. Rd2 Bc4 35. Rc3 Rf5+ 36. Ke3 Ke5 37. b3 Ba6 38. b4 Bc4 39. Rxc4 dxc4 40.
Rd4 Rf1 41. Rxc4 Ra1 42. Rc5+ Kd6 43. a5 Rb1 44. Rxh5 Rxb4 45. Rh6+ 1-0

[Event "European Youth Chess Championship B16"]
[Site "Prague, Top Hotel Prague"]
[Date "2012.08.22"]
[Round "6.47"]
[White "Walek, Petr"]
[Black "Melichar, Vojtech"]
[Result "1-0"]
[WhiteElo "1952"]
[BlackElo "1737"]
[PlyCount "77"]
[EventDate "2012.08.17"]

1. e4 c5 2. Nf3 Nc6 3. d4 cxd4 4. Nxd4 e5 5. Nb5 d6 6. c4 a6 7. N5a3 f5 8. Nc3
Nf6 9. Bd3 f4 10. Nc2 Be7 11. Bd2 O-O 12. Qe2 Be6 13. O-O-O Qc7 14. Kb1 Rfc8
15. Nd5 Bxd5 16. exd5 Na7 17. Na3 Qd7 18. Rhg1 Rab8 19. g4 g6 20. h4 Rc7 21. g5
Nh5 22. Rc1 b5 23. cxb5 Rcb7 24. Bb4 Nxb5 25. Nxb5 axb5 26. Rc6 Ng7 27. Qc2 Kf7
28. Rc1 Ra8 29. Rc7 Rxc7 30. Qxc7 Qh3 31. Bxb5 Qxh4 32. Bxd6 Qxg5 33. Bxe7 Qxe7
34. d6 Qxc7 35. dxc7 h5 36. c8=Q Rxc8 37. Rxc8 h4 38. a4 h3 39. Rc3 1-0

[Event "European Youth Chess Championship B16"]
[Site "Prague, Top Hotel Prague"]
[Date "2012.08.22"]
[Round "6.48"]
[White "Pricopie, Stefan"]
[Black "Ramsdal, Jens Albert"]
[Result "1/2-1/2"]
[WhiteElo "1616"]
[BlackElo "1943"]
[PlyCount "125"]
[EventDate "2012.08.17"]

1. d4 Nf6 2. c4 e6 3. Nf3 b6 4. g3 Bb7 5. Bg2 Be7 6. O-O O-O 7. Nc3 d6 8. Bd2
c5 9. dxc5 bxc5 10. Qc2 Nc6 11. a3 Rb8 12. Rab1 Na5 13. b3 d5 14. cxd5 Nxd5 15.
Nxd5 Bxd5 16. Bxa5 Qxa5 17. e4 Bb7 18. Ne5 Ba6 19. Nc6 Qc7 20. Nxb8 Bxf1 21.
Bxf1 Rxb8 22. Bc4 Qa5 23. a4 Rd8 24. Rd1 Rd4 25. Rxd4 cxd4 26. Qd3 Qc3 27. Kg2
a5 28. Kg1 Bb4 29. Kg2 Kf8 30. h3 Ba3 31. Kf3 Ke7 32. Qxc3 dxc3 33. Bd3 Kf6 34.
Ke2 Ke5 35. Bc2 Kd4 36. f4 Bd6 37. Kf3 e5 38. f5 Bc7 39. Ke2 Bd8 40. Bb1 Bg5
41. Bd3 Bd2 42. Bc2 h5 43. g4 hxg4 44. hxg4 Bg5 45. Bd3 Bf4 46. Bc2 Bc1 47. Bd3
Bg5 48. Bc2 Bf4 49. Bd3 Kc5 50. Bc2 Kd4 51. Bd3 Bg5 52. Bc2 Bd8 53. Bd3 Bb6 54.
Bc2 Ba7 55. Bd3 Kc5 56. Kd1 Kd6 57. Kc2 Bd4 58. Bc4 Ke7 59. Kd3 Kf6 60. Bd5 Kg5
61. Bxf7 Kxg4 62. Bd5 Kf3 63. Kc2 1/2-1/2

[Event "European Youth Chess Championship B16"]
[Site "Prague, Top Hotel Prague"]
[Date "2012.08.22"]
[Round "6.50"]
[White "Novotny, Ales"]
[Black "Hanl, Frantisek"]
[Result "1/2-1/2"]
[WhiteElo "1794"]
[BlackElo "1911"]
[PlyCount "84"]
[EventDate "2012.08.17"]

1. c4 c5 2. g3 g6 3. Bg2 Bg7 4. Nc3 Nc6 5. Nf3 Nf6 6. d4 cxd4 7. Nxd4 O-O 8.
O-O Qb6 9. e3 a6 10. Na4 Qc7 11. b3 Rb8 12. Bb2 Nxd4 13. Bxd4 Nh5 14. Bxg7 Nxg7
15. c5 Rd8 16. Rc1 d6 17. cxd6 Qxd6 18. Qxd6 Rxd6 19. Rc7 Ne6 20. Rc2 b5 21.
Nc3 Bb7 22. Ne4 Rdd8 23. Rfc1 f5 24. Nc5 Nxc5 25. Rxc5 Bxg2 26. Kxg2 Rd2 27.
R1c2 Rbd8 28. Rxd2 Rxd2 29. a4 bxa4 30. bxa4 Rd6 31. Rc7 Kf7 32. Ra7 Kf6 33. h4
Re6 34. Kf3 Ke5 35. a5 h6 36. h5 g5 37. Rd7 g4+ 38. Ke2 Kf6 39. Rb7 Rd6 40. f4
gxf3+ 41. Kxf3 Kg5 42. Rb3 Kf6 1/2-1/2

[Event "European Youth Chess Championship B16"]
[Site "Prague, Top Hotel Prague"]
[Date "2012.08.22"]
[Round "6.51"]
[White "Shpakovsky, Kirill"]
[Black "Zakrzheuski, Vladislav"]
[Result "1-0"]
[WhiteElo "1760"]
[BlackElo "1849"]
[PlyCount "64"]
[EventDate "2012.08.17"]

1. e4 c6 2. d4 d5 3. e5 Bf5 4. h4 h5 5. c4 e6 6. Nc3 Nd7 7. cxd5 cxd5 8. Bg5
Qb6 9. Qd2 f6 10. exf6 gxf6 11. Be3 Rc8 12. Rc1 Ne7 13. Nge2 a6 14. Nf4 Ng6 15.
Bd3 Bxd3 16. Qxd3 Nxf4 17. Bxf4 Kf7 18. O-O Rc6 19. Rc2 Be7 20. Rfc1 Qb4 21.
Ne2 Qb6 22. Qf3 f5 23. Bg5 Nf6 24. Qe3 Ng4 25. Rxc6 bxc6 26. Qc3 Rc8 27. Bxe7
Kxe7 28. Nf4 Kd7 29. f3 Nf6 30. Ng6 Ne8 31. Ne5+ Kd6 32. Qa3+ Kc7 1-0

[Event "European Youth Chess Championship B16"]
[Site "Prague, Top Hotel Prague"]
[Date "2012.08.22"]
[Round "6.52"]
[White "Liduch, Filip"]
[Black "Bocek, Tadeas"]
[Result "0-1"]
[WhiteElo "1683"]
[BlackElo "1830"]
[PlyCount "66"]
[EventDate "2012.08.17"]

1. e4 e6 2. d4 d5 3. e5 c5 4. c3 Nc6 5. Nf3 Qb6 6. a3 c4 7. Nbd2 Bd7 8. b3 cxb3
9. Nxb3 Rc8 10. Bd2 f6 11. Bd3 fxe5 12. Nxe5 Nxe5 13. dxe5 Ne7 14. Nd4 Qc7 15.
f4 a6 16. Qg4 g6 17. O-O Nf5 18. Bxf5 gxf5 19. Qh5+ Kd8 20. Qf7 Be7 21. Nxe6+
Bxe6 22. Qxe6 Qd7 23. Qb6+ Ke8 24. Qh6 Rc6 25. Qh5+ Rg6 26. Be3 Rhg8 27. g3 Kf8
28. Qxh7 Qb5 29. Qh5 Qd3 30. Rfe1 Rg4 31. Rad1 Qe4 32. Qh6+ Kf7 33. Rd4 Rxg3+
0-1